000 00495nam a2200169Ia 4500
999 _c27877
_d27877
003 OSt
005 20201124132103.0
008 190216s9999||||xx |||||||||||||| ||und||
040 _coclc
082 _a894.8123
_bRAD/I
100 _aRadhakrishnan, C
_96488
245 0 _aIvide Ellavarkum Sukhamthanne /
_cC Radhakrishnan
260 _bHi Tech Books,
_c1997.
_aKochi:
300 _a488p
650 _aMalayalam Novel
942 _cBK
_2ddc
_h894.8123
_iRAD/I
_k894.8123
_mRAD/I